Vplyv štruktúry finálnej spotreby na zdrojovú náročnosť tvorby spoločenského produktu s prihliadnutím na medzirepublikové toky produkcie čiastková úloha E IV-4/2.2 : tabuľková príloha

Salvato in:
Dettagli Bibliografici
Autore principale: Hoffmann, Pavel
Altri autori: Masaryk, Ján
Natura: Libro
Lingua:slovacco
Pubblicazione: Bratislava Výskumný ústav oblastného plánovania 1973
Serie:Výskumné práce 77
Tags: Aggiungi Tag
Nessun Tag, puoi essere il primo ad aggiungerne!!

MARC

LEADER 00000nam a2200000 4500
001 0221727
005 20240822101658.8
041 0 |a slo 
044 |a SK 
245 1 0 |a Vplyv štruktúry finálnej spotreby na zdrojovú náročnosť tvorby spoločenského produktu s prihliadnutím na medzirepublikové toky produkcie  |b čiastková úloha E IV-4/2.2 : tabuľková príloha  |c Pavel Hoffmann, Ján Masaryk 
264 1 |a Bratislava  |b Výskumný ústav oblastného plánovania  |c 1973 
300 |a 54 s. 
490 1 |a Výskumné práce  |v 77 
830 0 |a Výskumné práce  |v 77 
100 1 |a Hoffmann, Pavel 
700 1 |a Masaryk, Ján